| 000 | 00794nam a2200253 a 4500 | ||
|---|---|---|---|
| 003 | CO-CtgCURN | ||
| 005 | 20250331185225.0 | ||
| 007 | ta | ||
| 008 | 020402s2000 ck a fr 000 0 spa d | ||
| 020 | _a9589605737 | ||
| 040 |
_aCO-CtgCURN _bspa _ccoctgcurn |
||
| 082 | 0 | 4 |
_a617.6 _bC828 |
| 100 | 1 |
_aCortes Torres, Jorge rlando, _d1961- |
|
| 245 | 1 | 0 |
_aEndodoncia 2001 / _cJorge Orlando Cortes Torres. |
| 260 |
_aBogotá : _b(Graficas San Martin), _c2000. |
||
| 300 |
_a262 p. : _bil. |
||
| 336 | _2rdacontent | ||
| 337 |
_2rdamedia _asin mediacion _bn |
||
| 338 |
_2rdacarrier _avolumen _bnc |
||
| 650 | 1 | 4 |
_aEndodoncia. _2[MeSH] |
| 710 | 2 | _aInstituto Colombiano de Endodoncia. | |
| 852 | _935000 | ||
| 942 |
_cBK _h617.6 _iC828 _2ddc |
||
| 999 |
_c23268 _d23268 |
||